Introducción a la Traductología

Kaydedildi:
Detaylı Bibliyografya
Yazar: Vázquez-Ayora, Gerardo
Materyal Türü: Bilinmiyor
Dil:İngilizce
Baskı/Yayın Bilgisi: Washington DC, USA Georgetown University Press 1977
Konular:
Etiketler: Etiketle
Etiket eklenmemiş, İlk siz ekleyin!

MARC

LEADER 00000 a2200000 4500
003 CL-VaPUC
005 20210506144234.0
008 200114b ||||| |||| 00| 0 eng d
999 |c 1689  |d 1689 
020 |a 978-0878401673 
040 |c Pontificia Universidad Católica de Valparaíso 
082 |a 418.02 VAZ 1977 
100 1 |a Vázquez-Ayora, Gerardo   |9 435 
245 1 0 |a Introducción a la Traductología 
260 3 |a Washington DC, USA  |b Georgetown University Press  |c 1977 
300 |a 471 páginas  
583 |k Sandra Vasquez  |c 20200114 
650 0 0 |a Traducción e interpretación  |9 315998 
650 0 0 |a Métodos de investigación   |9 262618 
650 0 0 |a Traductología   |9 860838 
942 |2 ddc  |c BK 
952 |0 0  |1 0  |2 ddc  |4 0  |6 418_020000000000000_VAZ_1977  |7 0  |8 A  |9 495883  |a BIBEDU  |b BIBEDU  |d 2020-01-08  |e 1  |g 51082.00  |i 557191K  |l 1  |o 418.02 VAZ 1977   |p 557191K  |r 2022-04-20  |s 2022-04-13  |t 1  |v 51082.00  |w 2020-01-08  |y BK  |k CIT